Obfuscations of Song Titles #2 - Statistics

General Stats
  • This quiz has been taken 936 times
  • The average score is 5 of 15
Answer Stats
Obfuscation Song Title % Correct
Continent in which the Second Boer War of 1899-1902 occurred Africa
86%
Seventh month in the Early Roman Calendar September
72%
Adult containing XY chromosomes located within a piece of glass used to observe reflections Man in the Mirror
70%
Surviving while perched on top of a virtuous action respecting a deity Livin' On A Prayer
59%
Dictate your intentions to not remove your grasp Say You Won't Let Go
28%
Said odor That Smell
28%
My occupation is to scribe acts of vice rather than tales involving sadness I Write Sins Not Tragedies
27%
A person of the male gender who has been called a name that also is used to denote the filing of a lawsuit A Boy Named Sue
19%
A person of the female gender believes that my vehicle used to assist farm activities is beautiful and incites promiscuity She Thinks My Tractor's Sexy
16%
Voluntarily losing consciousness in the presence of someone with a Platonic relationship Sleeping With a Friend
16%
Apply force moving your physique back and forth Rock Your Body
14%
Every single globular organ located on the face is located on my person All Eyez On Me
11%
Directly into the combustion of oxygen and its resulting body of heat Through the Fire and Flames
6%
The vicious animal and the promiscuous woman often engaging in prostitution The Beast and the Harlot
3%
Becoming aroused in a city known for sinful actions often causing irreparable damage Waking Up in Vegas
3%
No matching quizzes found
Score Distribution
Percent of People with Each Score
Percentile by Number Answered
Your Score History
You have not taken this quiz